[Event "C.to Regionale Sardegna"]
[Site "Sardara ITA"]
[Date "2010.04.17"]
[Round "2"]
[White "Puzzoni, Christian"]
[Black "Lai, Michele"]
[Result "1-0"]
[WhiteElo "2112"]
[BlackElo "1536"]
[PlyCount "41"]
[EventDate "2010.04.17"]

1. e4 e5 2. f4 exf4 3. Nf3 g5 4. Bc4 g4 5. O-O gxf3 6. Qxf3 Qf6 7. e5 Qxe5 8.
Bxf7+ Kxf7 9. d4 Qxd4+ 10. Be3 Qg7 11. Nc3 Nf6 12. Qxf4 d6 13. Qc4+ Ke8 14.
Rae1 Kd8 15. Bd4 Be7 16. Rxe7 Qxe7 17. Bxf6 Qxf6 18. Rxf6 Nc6 19. Qh4 Ne7 20.
Nd5 Re8 21. Rf8 1-0

[Event "C.to Regionale Sardegna"]
[Site "Sardara ITA"]
[Date "2010.04.17"]
[Round "2"]
[White "Toniolo, Massimo"]
[Black "Murgia, Elio"]
[Result "0-1"]
[WhiteElo "1757"]
[BlackElo "1503"]
[PlyCount "78"]
[EventDate "2010.04.17"]

1. e4 e6 2. d4 d5 3. exd5 exd5 4. Nf3 Bf5 5. Be2 Nd7 6. Nc3 c6 7. O-O Qc7 8.
Re1 O-O-O 9. Bg5 Be7 10. Bd3 Be6 11. Qd2 Ngf6 12. a4 Rde8 13. a5 Bd6 14. h3 h6
15. Be3 g5 16. Ne5 g4 17. h4 g3 18. f4 Bg4 19. Be2 Bxe2 20. Qxe2 Nf8 21. Qf3
Rg8 22. Bd2 Ng6 23. Qxg3 Nxe5 24. Qxg8 Nxg8 25. dxe5 Bc5+ 26. Kh2 Qe7 27. g3 h5
28. Na4 Nh6 29. b4 Ng4+ 30. Kg2 Bxb4 31. Bxb4 Qxb4 32. c3 Qxa5 33. Reb1 Qc7 34.
Nc5 b6 35. Na6 Qd7 36. Nb4 c5 37. Nc2 Re7 38. Ra2 Qb7 39. Rba1 d4+ 0-1

[Event "C.to Regionale Sardegna"]
[Site "Sardara ITA"]
[Date "2010.04.17"]
[Round "2"]
[White "Zuccarelli, Angelo"]
[Black "Locci, Damiano"]
[Result "0-1"]
[WhiteElo "1910"]
[BlackElo "2130"]
[PlyCount "118"]
[EventDate "2010.04.17"]

1. e4 e6 2. d4 d5 3. Nd2 Be7 4. Bd3 c5 5. c3 Nc6 6. Ne2 cxd4 7. Nxd4 Nxd4 8.
cxd4 dxe4 9. Nxe4 Nf6 10. O-O O-O 11. Be3 Qd7 12. Qe2 b6 13. Nxf6+ Bxf6 14. Be4
Bb7 15. Bxb7 Qxb7 16. Rfd1 Rfd8 17. Rd3 Rd5 18. b3 Rad8 19. Rad1 Qd7 20. f4 g6
21. g4 Qb5 22. Qc2 e5 23. fxe5 Bxe5 24. Qf2 Qd7 25. h3 h5 26. Qf3 hxg4 27. hxg4
Qe7 28. Kg2 Bg7 29. Qh3 Qe4+ 30. Qf3 Qe6 31. R1d2 f5 32. g5 Kf7 33. Rd1 Qd7 34.
Qf2 Qb7 35. Qf3 Qe7 36. Qf4 R8d7 37. R3d2 Qd8 38. Qf2 Re7 39. Rh1 Re4 40. Rh4
Qe8 41. Rxe4 Qxe4+ 42. Qf3 Qxf3+ 43. Kxf3 Ke6 44. Ke2 Rd7 45. Kf3 Kd5 46. Rc2
a6 47. Rc4 a5 48. Rc2 Rd6 49. Rd2 Rc6 50. Kf4 Rc3 51. Kf3 Bf8 52. Kf2 Bd6 53.
Ke2 Ke4 54. Bf2 Bf4 55. Rd1 Rc2+ 56. Ke1 Kd5 57. a4 Bxg5 58. Rd3 Bf6 59. Rg3
Rxf2 0-1

[Event "C.to Regionale Sardegna"]
[Site "Sardara ITA"]
[Date "2010.04.18"]
[Round "3"]
[White "Caglio, Luigi"]
[Black "Ibba, Isacco"]
[Result "1-0"]
[WhiteElo "2007"]
[BlackElo "2204"]
[PlyCount "45"]
[EventDate "2010.04.17"]

1. e4 c5 2. Nf3 d6 3. Bc4 Nf6 4. Nc3 Bg4 5. e5 Nfd7 6. Bxf7+ Kxf7 7. Ng5+ Ke8
8. Qxg4 Nxe5 9. Qe4 Qd7 10. f4 h6 11. fxe5 hxg5 12. e6 Qc6 13. Nd5 Na6 14. c4
Kd8 15. O-O Nc7 16. d3 Qe8 17. Bxg5 Nxd5 18. Qxd5 Rb8 19. Qxd6+ Kc8 20. Qxc5+
Qc6 21. Qxc6+ bxc6 22. b3 Kb7 23. Rf7 1-0

[Event "C.to Regionale Sardegna"]
[Site "Sardara ITA"]
[Date "2010.04.18"]
[Round "3"]
[White "Cherchi, Marco"]
[Black "Puzzoni, Christian"]
[Result "0-1"]
[WhiteElo "1807"]
[BlackElo "2112"]
[PlyCount "50"]
[EventDate "2010.04.17"]

1. e4 e5 2. Nf3 Nc6 3. Bb5 a6 4. Ba4 d6 5. O-O f5 6. Nc3 Nf6 7. d3 Be7 8. Re1
O-O 9. Bb3+ Kh8 10. Ng5 Qe8 11. exf5 Bxf5 12. Qf3 Nd4 13. Qxb7 Rb8 14. Qxc7 Rc8
15. Qa5 Ng4 16. Qd5 Bxg5 17. Bxg5 Qh5 18. h3 Nxf2 19. Be3 Nxh3+ 20. gxh3 Nf3+
21. Kf2 Bxh3 22. Ke2 Bg2 23. Ne4 Nxe1+ 24. Kxe1 Rf1+ 25. Kd2 Rxa1 0-1

[Event "C.to Regionale Sardegna"]
[Site "Sardara ITA"]
[Date "2010.04.18"]
[Round "3"]
[White "Deruda, Leonardo"]
[Black "Loriga, Pierpaolo"]
[Result "0-1"]
[WhiteElo "1876"]
[BlackElo "1964"]
[PlyCount "126"]
[EventDate "2010.04.17"]

1. Nf3 Nf6 2. g3 d5 3. Bg2 c5 4. O-O Nc6 5. d3 e5 6. Nc3 h6 7. e4 dxe4 8. dxe4
Qxd1 9. Rxd1 Bg4 10. h3 Bxf3 11. Bxf3 Nd4 12. Be2 Nxe2+ 13. Nxe2 Nxe4 14. Rd5
f6 15. Be3 Rd8 16. Rad1 Rxd5 17. Rxd5 Ng5 18. Bxc5 Bxc5 19. Rxc5 Kd7 20. Kg2
Kd6 21. Rc3 Ne6 22. Rd3+ Ke7 23. h4 Rc8 24. c3 g5 25. Kh3 Rc4 26. hxg5 hxg5 27.
Kg2 g4 28. Rd1 Rc8 29. Rh1 Rf8 30. Rh7+ Rf7 31. Rh1 f5 32. Rd1 Ng5 33. c4 Nf3
34. Rh1 Kf6 35. Nc3 Kg5 36. Nd5 f4 37. gxf4+ exf4 38. Rh8 Nh4+ 39. Kg1 Ng6 40.
Rh1 Nh4 41. Kf1 g3 42. Rg1 g2+ 43. Rxg2+ Nxg2 44. Kxg2 Kf5 45. Kf3 Ke5 46. b3
Rh7 47. Kg4 Rg7+ 48. Kf3 b5 49. Nb4 bxc4 50. bxc4 Rf7 51. c5 Kd4 52. c6 Kc5 53.
c7 Rf8 54. Nd3+ Kd6 55. c8=Q Rxc8 56. Kxf4 Rc2 57. a4 Ra2 58. Kg5 Rd2 59. Nc1
Rxf2 60. a5 Kc6 61. Kg4 Kb5 62. Kg3 Rc2 63. Nb3 Rc3+ 0-1

[Event "C.to Regionale Sardegna"]
[Site "Sardara ITA"]
[Date "2010.04.18"]
[Round "3"]
[White "Lai, Michele"]
[Black "Altea, Giovanni"]
[Result "1/2-1/2"]
[WhiteElo "1536"]
[BlackElo "1839"]
[PlyCount "122"]
[EventDate "2010.04.17"]

1. e4 c5 2. Nf3 e6 3. Nc3 a6 4. d4 cxd4 5. Nxd4 Qc7 6. Be2 Nf6 7. O-O Be7 8.
Be3 O-O 9. Qd3 d6 10. f4 Nbd7 11. Nb3 b5 12. Bf3 Bb7 13. Ne2 d5 14. Ng3 dxe4
15. Nxe4 Nd5 16. Ng5 N5f6 17. Bxb7 Qxb7 18. c3 h6 19. Nf3 Qc7 20. Nfd4 Rfd8 21.
Qe2 Nd5 22. Bd2 N7f6 23. Rae1 Bd6 24. Qf3 Re8 25. Kh1 Rac8 26. a3 Nb6 27. Bc1
Nc4 28. Nd2 Nxd2 29. Bxd2 Qc4 30. g4 Qd5 31. g5 hxg5 32. fxg5 Ng4 33. Bf4 Qxf3+
34. Rxf3 e5 35. Nf5 Bb8 36. Bg3 e4 37. Rff1 Bxg3 38. Nxg3 e3 39. Kg2 Rcd8 40.
Re2 g6 41. Rfe1 Nf2 42. Rxe3 Rxe3 43. Rxe3 Nd3 44. b3 Nf4+ 45. Kf3 Ne6 46. Ne4
Kg7 47. h4 Rd1 48. c4 bxc4 49. bxc4 Rc1 50. Rc3 Rh1 51. Kg4 Re1 52. Ng3 Nc5 53.
h5 gxh5+ 54. Nxh5+ Kg6 55. Nf4+ Kg7 56. Nd3 Nxd3 57. Rxd3 Re4+ 58. Kf5 Rxc4 59.
Re3 a5 60. Re5 a4 61. Ra5 Rd4 1/2-1/2

[Event "C.to Regionale Sardegna"]
[Site "Sardara ITA"]
[Date "2010.04.18"]
[Round "3"]
[White "Locci, Damiano"]
[Black "Neri, Enzo"]
[Result "1-0"]
[WhiteElo "2130"]
[BlackElo "2059"]
[PlyCount "47"]
[EventDate "2010.04.17"]

1. c4 c6 2. Nc3 d5 3. e3 e5 4. d4 e4 5. Qb3 Nf6 6. cxd5 cxd5 7. Nh3 Bxh3 8.
Qxb7 Nbd7 9. gxh3 Qc8 10. Ba6 Qxb7 11. Bxb7 Rb8 12. Bxd5 Bb4 13. Bb3 O-O 14.
O-O a5 15. Bd2 Nb6 16. Rfd1 Rfd8 17. Na4 Nbd5 18. Rac1 g5 19. Bxb4 axb4 20. Rc6
Kg7 21. Rdc1 g4 22. hxg4 Nxg4 23. Bxd5 Rxd5 24. R1c5 1-0

[Event "C.to Regionale Sardegna"]
[Site "Sardara ITA"]
[Date "2010.04.18"]
[Round "3"]
[White "Maldarelli, Lorenzo"]
[Black "Galluzzi, Marco"]
[Result "1-0"]
[WhiteElo "1800"]
[BlackElo "1374"]
[PlyCount "86"]
[EventDate "2010.04.17"]

1. d4 d5 2. c4 e6 3. Nc3 h6 4. e4 dxe4 5. Nxe4 Be7 6. Nf3 c6 7. Bd3 Nf6 8. O-O
Qc7 9. g3 b6 10. Bf4 Qd7 11. Qc2 Bb7 12. Rad1 Na6 13. a3 Nc7 14. Nxf6+ Bxf6 15.
Be5 Qe7 16. Be4 Rd8 17. Qa4 Bxe5 18. Nxe5 O-O 19. Nxc6 Bxc6 20. Bxc6 a6 21. Qb3
b5 22. Rfe1 Qf6 23. cxb5 axb5 24. Qe3 Rd6 25. Be4 Rfd8 26. Rc1 R6d7 27. Rc5 Nd5
28. Qd3 Ne7 29. Rxb5 Rxd4 30. Qe3 Ng6 31. b4 Kh8 32. a4 Ne5 33. a5 Rxb4 34.
Rxb4 Qe7 35. Reb1 Nd7 36. Rb7 Qd6 37. Rc1 Nc5 38. Qxc5 Qxc5 39. Rxc5 f5 40.
Bxf5 exf5 41. Rcc7 Rg8 42. Rxg7 Rxg7 43. Rxg7 Kxg7 1-0

[Event "C.to Regionale Sardegna"]
[Site "Sardara ITA"]
[Date "2010.04.18"]
[Round "3"]
[White "Massa, Gianluca"]
[Black "Zuccarelli, Angelo"]
[Result "0-1"]
[WhiteElo "1709"]
[BlackElo "1910"]
[PlyCount "74"]
[EventDate "2010.04.17"]

1. d4 d5 2. c4 e6 3. Nc3 Nf6 4. cxd5 exd5 5. Bg5 Be7 6. e3 c6 7. Bd3 Nbd7 8.
Nf3 a6 9. Qc2 h6 10. Bh4 O-O 11. O-O b5 12. a3 Bb7 13. Ne5 Nxe5 14. dxe5 Ng4
15. Bg3 Bh4 16. Bxh4 Qxh4 17. h3 Nxe5 18. Be2 Rad8 19. Qf5 Qe7 20. Rad1 Bc8 21.
Qf4 Nd7 22. b4 Nf6 23. Bf3 Rfe8 24. Qd4 Qc7 25. Rc1 Qd6 26. Ne2 Nd7 27. Ng3 Ne5
28. Be2 Nc4 29. Rc3 Qe5 30. Qd3 Qg5 31. Bf3 Rd6 32. Qd4 Qf6 33. Qd3 Ne5 34. Nh5
Nxf3+ 35. gxf3 Qxf3 36. Nf4 Bxh3 37. e4 Rg6+ 0-1

[Event "C.to Regionale Sardegna"]
[Site "Sardara ITA"]
[Date "2010.04.18"]
[Round "3"]
[White "Mulas, Gianmarco"]
[Black "Paulesu, Sebastiano"]
[Result "1-0"]
[WhiteElo "2077"]
[BlackElo "1934"]
[PlyCount "61"]
[EventDate "2010.04.17"]

1. c4 d5 2. cxd5 Nf6 3. Nc3 Nxd5 4. Nf3 Nc6 5. d4 e6 6. e4 Nxc3 7. bxc3 Be7 8.
Rb1 O-O 9. Bd3 b6 10. O-O Bb7 11. Qc2 a5 12. Rd1 Ba6 13. Bxa6 Rxa6 14. d5 exd5
15. exd5 Nb8 16. Re1 Re8 17. Qe4 Nd7 18. Bg5 f6 19. d6 cxd6 20. Qc4+ d5 21.
Qxa6 fxg5 22. Qb5 Bc5 23. Nxg5 Rxe1+ 24. Rxe1 Qf6 25. Nf3 Nf8 26. Qd3 Kh8 27.
Re5 Qf4 28. Qd2 Qxd2 29. Nxd2 d4 30. Ne4 dxc3 31. Nxc5 1-0

[Event "C.to Regionale Sardegna"]
[Site "Sardara ITA"]
[Date "2010.04.18"]
[Round "3"]
[White "Murgia, Elio"]
[Black "Mallo', Danilo"]
[Result "0-1"]
[WhiteElo "1503"]
[BlackElo "1797"]
[PlyCount "116"]
[EventDate "2010.04.17"]

1. d4 Nf6 2. c4 g6 3. Nc3 Bg7 4. g3 O-O 5. Bg2 d6 6. e3 Nbd7 7. Nge2 e5 8. O-O
Ne8 9. b4 f5 10. Bb2 Nb6 11. Qb3 Be6 12. Bxb7 Bxc4 13. Bd5+ Bxd5 14. Nxd5 Kh8
15. Rfd1 Qg5 16. f4 Qg4 17. Kf2 Nxd5 18. Qxd5 Nf6 19. Qg2 Qh5 20. h3 g5 21.
dxe5 dxe5 22. Kg1 gxf4 23. exf4 e4 24. Rac1 Qf7 25. Be5 Nd5 26. Bxg7+ Kxg7 27.
Nd4 Ne3 28. Qb2 Nxd1 29. Nxf5+ Kg6 30. Nh4+ Kh6 31. Rc6+ Qg6 32. Nxg6 Nxb2 33.
Nxf8+ Kh5 34. Rxc7 Rxf8 35. Rxh7+ Kg6 36. Rxa7 Re8 37. Kf2 Nd3+ 38. Ke3 Nxb4
39. a4 Nc2+ 40. Ke2 e3 41. Rd7 Re4 42. a5 Nd4+ 43. Rxd4 Rxd4 44. Kxe3 Ra4 45.
g4 Ra3+ 46. Ke4 Rxh3 47. Ke5 Ra3 48. Kd5 Rxa5+ 49. Kd4 Kf6 50. Ke4 Ra4+ 51. Kf3
Ke6 52. Kg3 Ra3+ 53. Kh4 Kf6 54. f5 Ra2 55. Kg3 Kg5 56. Kf3 Ra3+ 57. Ke4 Ra4+
58. Kf3 Rxg4 0-1

[Event "C.to Regionale Sardegna"]
[Site "Sardara ITA"]
[Date "2010.04.18"]
[Round "3"]
[White "Murtas, Paolo"]
[Black "Pannella, Antonello"]
[Result "0-1"]
[WhiteElo "1443"]
[BlackElo "1507"]
[PlyCount "44"]
[EventDate "2010.04.17"]

1. d4 b6 2. Nf3 Bb7 3. g3 Nf6 4. Bg2 e6 5. O-O Be7 6. c4 c5 7. Nc3 d5 8. cxd5
Nxd5 9. Nxd5 Bxd5 10. Re1 O-O 11. e4 Bc4 12. b3 Ba6 13. Bb2 Nd7 14. Rc1 Rc8 15.
Nd2 cxd4 16. Bxd4 Bb4 17. Rxc8 Qxc8 18. Qg4 e5 19. Be3 Kh8 20. Bf1 Bxf1 21.
Rxf1 Nf6 22. Qd1 Rd8 0-1

[Event "C.to Regionale Sardegna"]
[Site "Sardara ITA"]
[Date "2010.04.18"]
[Round "3"]
[White "Palmas, Alessandro"]
[Black "Murtas, Gianvito"]
[Result "0-1"]
[WhiteElo "1855"]
[BlackElo "1781"]
[PlyCount "54"]
[EventDate "2010.04.17"]

1. d4 Nf6 2. c4 e6 3. Nc3 b6 4. Nf3 Bb7 5. Bg5 Be7 6. e3 d5 7. Be2 O-O 8. O-O
Nbd7 9. Rc1 c5 10. cxd5 Nxd5 11. Bxe7 Qxe7 12. Bb5 Rac8 13. Re1 Rfd8 14. Qe2
Nxc3 15. Rxc3 cxd4 16. Rxc8 Rxc8 17. exd4 Nf6 18. Rd1 Nd5 19. a3 h6 20. Ne5 Qg5
21. Qg4 Rc1 22. Be2 Qd2 23. Rxc1 Qxc1+ 24. Bd1 Ba6 25. g3 Qd2 26. Qh5 Qe1+ 27.
Kg2 Bf1+ 0-1

[Event "C.to Regionale Sardegna"]
[Site "Sardara ITA"]
[Date "2010.04.18"]
[Round "3"]
[White "Palmieri, Roberto"]
[Black "Peru, Mario"]
[Result "1/2-1/2"]
[WhiteElo "1868"]
[BlackElo "1659"]
[PlyCount "98"]
[EventDate "2010.04.17"]

1. d4 Nf6 2. c4 c5 3. d5 b5 4. b3 g6 5. Bb2 Bg7 6. e3 O-O 7. Bd3 d6 8. Qc2 a6
9. Ne2 Qb6 10. O-O Bd7 11. Nd2 b4 12. a3 bxa3 13. Rxa3 a5 14. Rfa1 a4 15. bxa4
Na6 16. Rb3 Nb4 17. Qb1 Rxa4 18. Nc3 Rxa1 19. Qxa1 Rb8 20. Bb1 Qb7 21. h3 Ra8
22. Ra3 Rxa3 23. Qxa3 Ne8 24. Nd1 Bxb2 25. Nxb2 Nc7 26. e4 Qa8 27. Qxa8+ Nxa8
28. Kf1 Nc7 29. Ke2 Kg7 30. Nd3 Nca6 31. Nb2 Nc7 32. Nb3 f6 33. f4 Kf7 34. Na5
e5 35. fxe5 fxe5 36. Nb7 Ke7 37. Kd2 Bc8 38. Na5 Bd7 39. Nd3 Nca6 40. Ne1 Ba4
41. Nf3 h6 42. Nh2 Bd7 43. Ke3 Nc7 44. Kf3 Ne8 45. Ng4 h5 46. Nh2 Kf6 47. Nb7
Ba4 48. Ke3 Nc2+ 49. Kd2 Nd4 1/2-1/2

[Event "C.to Regionale Sardegna"]
[Site "Sardara ITA"]
[Date "2010.04.18"]
[Round "3"]
[White "Setzu, Francesco"]
[Black "Erriu, Giampiero"]
[Result "1/2-1/2"]
[WhiteElo "1760"]
[BlackElo "1777"]
[PlyCount "45"]
[EventDate "2010.04.17"]

1. d4 Nf6 2. Nf3 b6 3. e3 Bb7 4. Bd3 e6 5. O-O c5 6. c3 Be7 7. Nbd2 d6 8. e4
Ba6 9. c4 Bb7 10. e5 dxe5 11. Nxe5 O-O 12. Ndf3 cxd4 13. Nxd4 Qc7 14. Nef3 Nbd7
15. Nb5 Qc6 16. Nbd4 Qc7 17. Nb5 Qc8 18. Re1 a6 19. Nc3 Bd6 20. Bg5 Qc7 21. Ne4
Nxe4 22. Bxe4 Bxe4 23. Rxe4 1/2-1/2

[Event "C.to Regionale Sardegna"]
[Site "Sardara ITA"]
[Date "2010.04.18"]
[Round "3"]
[White "Toniolo, Massimo"]
[Black "Marano, Daniele"]
[Result "1-0"]
[WhiteElo "1757"]
[BlackElo "1696"]
[PlyCount "51"]
[EventDate "2010.04.17"]

1. e4 e5 2. Nf3 Nc6 3. Bb5 a6 4. Ba4 Nf6 5. O-O Be7 6. Re1 b5 7. Bb3 d6 8. c3
O-O 9. h3 Na5 10. Bc2 c5 11. d4 Qc7 12. Bg5 Bd7 13. Nbd2 cxd4 14. cxd4 Nc6 15.
dxe5 dxe5 16. Rc1 Rac8 17. Bb3 Rfd8 18. Qe2 Qb8 19. a3 Be8 20. Nf1 Nd4 21. Nxd4
Rxd4 22. Rxc8 Qxc8 23. Ng3 Qd8 24. Nf5 Rxe4 25. Nxe7+ Qxe7 26. Qxe4 1-0

[Event "C.to Regionale Sardegna"]
[Site "Sardara ITA"]
[Date "2010.04.18"]
[Round "4"]
[White "Altea, Giovanni"]
[Black "Cherchi, Marco"]
[Result "1/2-1/2"]
[WhiteElo "1839"]
[BlackElo "1807"]
[PlyCount "62"]
[EventDate "2010.04.17"]

1. c4 c5 2. Nf3 Nc6 3. Nc3 Nf6 4. g3 e6 5. Bg2 d5 6. cxd5 exd5 7. d4 h6 8. O-O
Bd6 9. Nb5 Bb8 10. dxc5 Ne4 11. Be3 O-O 12. Rc1 f5 13. Nbd4 f4 14. Nxc6 bxc6
15. Bd4 fxg3 16. hxg3 Qe8 17. Nd2 Ng5 18. e3 Nh3+ 19. Bxh3 Bxh3 20. Qe2 Bxf1
21. Rxf1 Be5 22. Nf3 Bxd4 23. Nxd4 Qe7 24. b4 Qd7 25. a3 a5 26. Qd3 axb4 27.
axb4 Rab8 28. Rb1 Qf7 29. Qe2 Qd7 30. Qd3 Qf7 31. Qc2 Qd7 1/2-1/2

[Event "C.to Regionale Sardegna"]
[Site "Sardara ITA"]
[Date "2010.04.18"]
[Round "4"]
[White "Deruda, Leonardo"]
[Black "Setzu, Francesco"]
[Result "1-0"]
[WhiteElo "1876"]
[BlackElo "1760"]
[PlyCount "137"]
[EventDate "2010.04.17"]

1. d4 d6 2. e4 Nf6 3. Nc3 c6 4. Nf3 Bg4 5. Be2 Qa5 6. O-O Qc7 7. Bg5 h6 8. Bh4
Nbd7 9. h3 Bh5 10. Bg3 Bxf3 11. Bxf3 e5 12. Qd2 Qb6 13. dxe5 dxe5 14. Rad1 Be7
15. Be2 O-O 16. Kh1 Rfd8 17. Bd3 Qc7 18. f4 Bd6 19. f5 Nc5 20. Bh4 Be7 21. Bxf6
Bxf6 22. Rf3 Bg5 23. Qf2 Nxd3 24. Rfxd3 Rxd3 25. Rxd3 b6 26. h4 Be7 27. g3 Rd8
28. Qd2 Rxd3 29. Qxd3 Kf8 30. Kg2 Qd6 31. Qxd6 Bxd6 32. Kf3 Ke7 33. Nd1 Bc5 34.
c3 a5 35. b3 b5 36. Nb2 Bd6 37. Nd3 Kf6 38. Nf2 Ke7 39. g4 f6 40. Nd3 Kd7 41.
g5 hxg5 42. hxg5 Be7 43. gxf6 gxf6 44. Kg4 Ke8 45. Kh5 Kf7 46. Kg4 Ke8 47. Kf3
Kd7 48. Ke2 Kc7 49. Kd2 Kb6 50. Nf2 Kc7 51. Ng4 Kd7 52. Kd3 Kd6 53. Nh6 Bd8 54.
c4 b4 55. Ng4 Kc5 56. Ne3 Kb6 57. Nd1 Kc5 58. Nb2 Kd6 59. Na4 Bc7 60. Ke2 Bd8
61. Kf3 Be7 62. Kg4 Kc7 63. Kh5 Kd7 64. Kg6 Ke8 65. Nb2 Kf8 66. Nd3 Bd8 67. Nf2
Be7 68. Ng4 Ke8 69. Nxf6+ 1-0

[Event "C.to Regionale Sardegna"]
[Site "Sardara ITA"]
[Date "2010.04.18"]
[Round "4"]
[White "Dessy, Eugenio"]
[Black "Murgia, Elio"]
[Result "1-0"]
[WhiteElo "1661"]
[BlackElo "1503"]
[PlyCount "123"]
[EventDate "2010.04.17"]

1. e4 e6 2. d3 Nc6 3. Nf3 b6 4. g3 d6 5. Bg2 Bb7 6. O-O Qd7 7. c3 O-O-O 8. b4
Be7 9. a4 h5 10. Ng5 Bxg5 11. Bxg5 f6 12. Be3 g5 13. a5 Nge7 14. axb6 cxb6 15.
Na3 Ne5 16. c4 Bc6 17. Nb5 Bxb5 18. cxb5 Qxb5 19. Rxa7 N5c6 20. Qc2 Kb8 21. Ra3
e5 22. Rfa1 Kb7 23. Bf1 Ra8 24. d4 Qxb4 25. Ba6+ Kb8 26. dxe5 Nd4 27. Qd3 dxe5
28. Kg2 Rd8 29. Ra4 Qb3 30. Qxb3 Nxb3 31. Rb1 Nd4 32. Rxb6+ Kc7 33. Rxf6 Rd6
34. Rxd6 Kxd6 35. Bxg5 Nec6 36. f4 exf4 37. Bxf4+ Kc5 38. Be3 Kd6 39. Bxd4 Nxd4
40. Rxd4+ Ke5 41. Ra4 Rb8 42. Kh3 h4 43. g4 Rb3+ 44. Kxh4 Rb6 45. g5 Rg6 46.
Kh5 Rc6 47. Kg4 Rc1 48. h4 Rc2 49. Kh5 Rc6 50. Bb7 Rc7 51. Bd5 Rh7+ 52. Kg4 Rc7
53. Rc4 Ra7 54. g6 Kf6 55. Rc6+ Kg7 56. h5 Ra1 57. Kf5 Rf1+ 58. Ke5 Rf8 59.
Rc7+ Kh6 60. Rh7+ Kg5 61. g7 Re8+ 62. Be6 1-0

[Event "C.to Regionale Sardegna"]
[Site "Sardara ITA"]
[Date "2010.04.18"]
[Round "4"]
[White "Galluzzi, Marco"]
[Black "Toniolo, Massimo"]
[Result "0-1"]
[WhiteElo "1374"]
[BlackElo "1757"]
[PlyCount "62"]
[EventDate "2010.04.17"]

1. e4 c5 2. Nc3 e6 3. Nf3 Nc6 4. a3 Qc7 5. d4 cxd4 6. Nxd4 a6 7. Nf3 Nf6 8. h3
Be7 9. Bd3 O-O 10. Bd2 b5 11. O-O Bb7 12. Re1 d6 13. Ne2 Rac8 14. c3 Na5 15.
Ng3 Nc4 16. Qc2 Nxd2 17. Qxd2 h6 18. Rac1 Qb8 19. c4 bxc4 20. Bb1 Rfd8 21. Qc2
Ba8 22. e5 dxe5 23. Nxe5 Qb7 24. Nf3 Bc5 25. Nh5 Nxh5 26. Qh7+ Kf8 27. Qc2 Nf4
28. Kh2 Nxg2 29. Rg1 Qxf3 30. Rcd1 Rxd1 31. Qxd1 Qf4+ 0-1

[Event "C.to Regionale Sardegna"]
[Site "Sardara ITA"]
[Date "2010.04.18"]
[Round "4"]
[White "Ibba, Isacco"]
[Black "Murtas, Gianvito"]
[Result "1-0"]
[WhiteElo "2204"]
[BlackElo "1781"]
[PlyCount "45"]
[EventDate "2010.04.17"]

1. e4 c5 2. Nf3 d6 3. Bc4 e6 4. Nc3 Nf6 5. d4 cxd4 6. Nxd4 a6 7. Bg5 Be7 8. f4
Qc7 9. Bb3 Nc6 10. f5 Nxd4 11. Qxd4 O-O 12. O-O-O Bd7 13. Bxf6 Bxf6 14. Qxd6
Qxd6 15. Rxd6 Bc6 16. fxe6 fxe6 17. Rxe6 Kh8 18. Nd5 Bg5+ 19. Kb1 Rf2 20. h4
Bxh4 21. a4 Bg3 22. Ne7 Rf6 23. Ng6+ 1-0

[Event "C.to Regionale Sardegna"]
[Site "Sardara ITA"]
[Date "2010.04.18"]
[Round "4"]
[White "Loriga, Pierpaolo"]
[Black "Caglio, Luigi"]
[Result "0-1"]
[WhiteElo "1964"]
[BlackElo "2007"]
[PlyCount "64"]
[EventDate "2010.04.17"]

1. d4 Nf6 2. Nf3 g6 3. g3 Bg7 4. Bg2 O-O 5. O-O d6 6. c3 Nbd7 7. Qb3 c5 8. Nbd2
Rb8 9. a4 b6 10. e3 Qc7 11. c4 cxd4 12. exd4 Ba6 13. Qb4 e6 14. b3 d5 15. Ba3
Rfd8 16. Qd6 Qb7 17. Qf4 Rbc8 18. Rfc1 Nb8 19. Ne5 Nh5 20. Qe3 Bxe5 21. Qxe5
Nc6 22. Qe3 Qd7 23. b4 Bxc4 24. Nxc4 dxc4 25. Rxc4 Nxd4 26. Rxc8 Rxc8 27. Qd3
e5 28. Re1 f6 29. b5 Rd8 30. Qc4+ Kh8 31. Rc1 Ng7 32. Qc7 Ne2+ 0-1

[Event "C.to Regionale Sardegna"]
[Site "Sardara ITA"]
[Date "2010.04.18"]
[Round "4"]
[White "Mulas, Gianmarco"]
[Black "Locci, Damiano"]
[Result "1/2-1/2"]
[WhiteElo "2077"]
[BlackElo "2130"]
[PlyCount "66"]
[EventDate "2010.04.17"]

1. c4 g6 2. g3 Bg7 3. Bg2 d6 4. d4 Nf6 5. Nf3 O-O 6. O-O c6 7. Nc3 Qa5 8. h3 e5
9. e4 Nbd7 10. Be3 Re8 11. Re1 Qc7 12. Rc1 Nf8 13. Qc2 Ne6 14. d5 Nf8 15. dxc6
bxc6 16. Rcd1 Ba6 17. b3 Rad8 18. Rd2 Qb8 19. Red1 Bb7 20. Ne1 Ne6 21. b4 c5
22. b5 Nd4 23. Qb1 Nd7 24. Nd5 Nb6 25. Rc1 Qa8 26. Rc3 Nxd5 27. exd5 f5 28. Ra3
Rd7 29. Nd3 Qb8 30. Bxd4 cxd4 31. Nb4 e4 32. Nc6 Bxc6 33. dxc6 Rc7 1/2-1/2

[Event "C.to Regionale Sardegna"]
[Site "Sardara ITA"]
[Date "2010.04.18"]
[Round "4"]
[White "Neri, Enzo"]
[Black "Zuccarelli, Angelo"]
[Result "1-0"]
[WhiteElo "2059"]
[BlackElo "1910"]
[PlyCount "71"]
[EventDate "2010.04.17"]

1. d4 d5 2. c4 e6 3. Nc3 Nf6 4. Nf3 Be7 5. Bf4 c6 6. e3 Nbd7 7. a3 a6 8. c5 b6
9. cxb6 Qxb6 10. Na4 Qa7 11. Rc1 Bb7 12. Bd3 Rc8 13. O-O c5 14. dxc5 Nxc5 15.
Nxc5 Rxc5 16. Qa4+ Kf8 17. b4 Rxc1 18. Rxc1 Ne8 19. Ne5 f6 20. Nc6 Qa8 21. Na5
Bc8 22. Qc6 Qxc6 23. Rxc6 Bd7 24. Rxa6 e5 25. Ra7 Be6 26. Bg3 h5 27. f4 h4 28.
Be1 Bd8 29. Bf2 e4 30. Be2 g5 31. Nc6 Bb6 32. Rb7 Bc7 33. fxg5 fxg5 34. Nd4 Bc8
35. Rb5 Nf6 36. Rc5 1-0

[Event "C.to Regionale Sardegna"]
[Site "Sardara ITA"]
[Date "2010.04.18"]
[Round "4"]
[White "Palmas, Alessandro"]
[Black "Massa, Gianluca"]
[Result "1-0"]
[WhiteElo "1855"]
[BlackElo "1709"]
[PlyCount "79"]
[EventDate "2010.04.17"]

1. e4 e6 2. d4 d5 3. exd5 exd5 4. c4 Nf6 5. Nc3 Be7 6. Nf3 Bg4 7. Be2 O-O 8.
O-O c6 9. Qb3 Qb6 10. Qxb6 axb6 11. cxd5 cxd5 12. h3 Bd7 13. Bf4 Nc6 14. a3 Ne4
15. Nxd5 Bd6 16. Bxd6 Nxd6 17. Nxb6 Rad8 18. Nxd7 Rxd7 19. Rad1 Re7 20. Bd3
Rfe8 21. Rd2 f5 22. Rfd1 g6 23. Kf1 Kg7 24. Re2 Rxe2 25. Bxe2 Kf6 26. Bd3 h6
27. Re1 Rxe1+ 28. Kxe1 Ke6 29. Kd2 Kd5 30. Ke3 g5 31. g3 b6 32. a4 Nc4+ 33.
Bxc4+ Kxc4 34. Ne5+ Kd5 35. Nxc6 Kxc6 36. Kd3 Kd5 37. b3 h5 38. h4 gxh4 39.
gxh4 f4 40. f3 1-0

[Event "C.to Regionale Sardegna"]
[Site "Sardara ITA"]
[Date "2010.04.18"]
[Round "4"]
[White "Palmieri, Roberto"]
[Black "Murtas, Paolo"]
[Result "1-0"]
[WhiteElo "1868"]
[BlackElo "1443"]
[PlyCount "61"]
[EventDate "2010.04.17"]

1. e4 e6 2. d4 d5 3. e5 c5 4. c3 Nc6 5. Be3 Qb6 6. Qd2 Bd7 7. Nf3 f6 8. Be2
fxe5 9. dxe5 Nge7 10. Bd3 O-O-O 11. Bf4 g6 12. Ng5 Re8 13. Nf7 Rg8 14. Nd6+ Kb8
15. Nxe8 Bxe8 16. O-O Nf5 17. Re1 c4 18. Bf1 Bc5 19. Na3 Bf7 20. Nc2 Rd8 21. b4
cxb3 22. axb3 d4 23. cxd4 Nfxd4 24. Nxd4 Nxd4 25. Qa2 Be8 26. Bc4 Bc6 27. Be3
Bb5 28. Rab1 a6 29. b4 Be7 30. Red1 Bxc4 31. Qxc4 1-0

[Event "C.to Regionale Sardegna"]
[Site "Sardara ITA"]
[Date "2010.04.18"]
[Round "4"]
[White "Pannella, Antonello"]
[Black "Lai, Michele"]
[Result "0-1"]
[WhiteElo "1507"]
[BlackElo "1536"]
[PlyCount "84"]
[EventDate "2010.04.17"]

1. c4 e5 2. Nc3 Nf6 3. e3 Bb4 4. a3 Bxc3 5. bxc3 e4 6. f3 d5 7. Qb3 c6 8. cxd5
cxd5 9. Bb5+ Nc6 10. Bb2 O-O 11. Qa4 Qd6 12. d4 exd3 13. Bxd3 Re8 14. Bc1 Bd7
15. Qh4 Ne5 16. Bc2 Nc4 17. Qd4 Qe6 18. Kf2 b6 19. Ne2 Rac8 20. Nf4 Qc6 21. Re1
Qb5 22. a4 Qa5 23. Ne2 b5 24. Bd2 bxa4 25. Reb1 Rb8 26. Rb4 a3 27. Be1 Rb6 28.
e4 Rxb4 29. cxb4 Qa6 30. exd5 Bb5 31. Nc3 Nd6 32. Nxb5 Qxb5 33. Rxa3 Qe2+ 34.
Kg3 Qxe1+ 35. Kh3 Qc1 36. Qd3 Nf5 37. g4 Qh6+ 38. Kg2 Ne3+ 39. Kg3 Nfxd5 40.
Rxa7 Qd6+ 41. Kh4 Qxh2+ 42. Kg5 f6# 0-1